| 000 | 00786aam a2200229 4500 | ||
|---|---|---|---|
| 005 | 20170124083522.0 | ||
| 008 | 150420b xxu||||| |||| 00| 0 spa d | ||
| 041 | _aspa | ||
| 082 | _a382.972.073 C8375tr | ||
| 100 |
_aCOMEX _934214 |
||
| 245 | _aTratado de libre comercio entre centroamérica y Estados Unidos y agenda integral de cooperación. Elementos guía de posición de Costa Rica en materia de acceso de bienes al mercado | ||
| 260 |
_aCosta Rica _bCOMEX _c2003 |
||
| 300 | _a26 páginas | ||
| 650 |
_aARANCÉLES _916817 |
||
| 650 |
_aCOSTA RICA _936871 |
||
| 650 |
_aCOMERCIO EXTERIOR _99355 |
||
| 650 |
_aESTADOS UNIDOS _95075 |
||
| 650 |
_aLIBRE COMERCIO _920098 |
||
| 650 |
_aNEGOCIACIÓN DE TRATADOS _936872 |
||
| 650 |
_aTRATADO DE LIBRE COMERCIO _96491 |
||
| 942 | _cBK | ||
| 999 |
_c4817 _d4817 |
||